COMMUNICATING health strategies for health promotion

Guardat en:
Dades bibliogràfiques
Format: Llibre
Idioma:anglès
Publicat: SAGE 2013
Etiquetes: Afegir etiqueta
Sense etiquetes, Sigues el primer a etiquetar aquest registre!

MARC

LEADER 00000nam a22000007a 4500
008 201208b ||||| |||| 00| 0 eng d
020 |a 978-1-4462-5233-8 
245 |a COMMUNICATING health strategies for health promotion  |c edited by Nova Corcoran 
250 |b 2nd   |c Corcoran, Nova 
260 |b SAGE  |c 2013  |h Los Angeles  |i 692695   |i 692696   |l RA427.8 .C73  |m Health promotion  |m Health education 
500 |a “It includes references and index'' 
942 |a lcc  |c BK  |e O.A. JOHNSON  |f 08/12/20 
952 |0 0  |1 0  |2 lcc  |4 0  |6 RA04278 C73  |7 0  |9 186  |a HOL  |b ML  |c QZ  |d 2020-12-08  |l 0  |o RA427.8 .C73  |p 2020-0132  |r 2020-12-08 00:00:00  |w 2020-12-08  |y BK 
952 |0 0  |1 0  |2 lcc  |4 0  |7 0  |9 187  |a HOL  |b HOL  |c QZ  |d 2020-12-08  |o RA427.8 .C73  |p 2020-0133  |r 2020-12-08 00:00:00  |w 2020-12-08  |y BK 
999 |c 66  |d 66